Mechanicky preplňovaný spaľovací minimotor určený na súťažné účely

Guardado en:
Detalles Bibliográficos
Autor principal: Móricz, Zoltán (Autor)
Otros Autores: Chríbik, Andrej (Orientador)
Formato: Manuscrito Libro
Lenguaje:eslovaco
Publicado: 2024
Materias:
Acceso en línea:http://is.stuba.sk/zp/portal_zp.pl?podrobnosti=179717
Etiquetas: Agregar Etiqueta
Sin Etiquetas, Sea el primero en etiquetar este registro!

MARC

LEADER 00000ntm a22000003a 4500
001 stuzp99407
003 SK-STU
005 20250304080336.3
007 ta
008 150427s2015----xo-----f-mn---000-0-slo-d
040 |a STU  |b slo 
041 0 |a slo 
100 1 |a Móricz, Zoltán  |u 020030  |4 aut  |U SjF Strojnícka fakulta  |T SjF Ústav automobilového inžinierstva a konštruovania  |X 98790  |U J0030  |Y 806  |7 98790 
242 0 1 |a Mechanically Supercharged Internal Combustion Mini-engine Designed for Competition Purposes  |y eng 
245 1 0 |a Mechanicky preplňovaný spaľovací minimotor určený na súťažné účely 
260 |c 2024 
650 4 |a mechanický kompresor  |2 slo 
650 4 |a Aisin AMR300  |2 slo 
650 4 |a Eaton TVS-R410  |2 slo 
650 4 |a preplňovanie  |2 slo 
650 4 |a Honda GX35  |2 slo 
650 4 |a supercharging  |2 eng 
650 4 |a mechanical supercharger  |2 eng 
650 4 |a HondaGX35  |2 eng 
650 4 |a Aisin AMR300  |2 eng 
650 4 |a Eaton TVS-R410  |2 eng 
700 1 |a Chríbik, Andrej  |u 020030  |k Z1  |4 ths  |U SjF Strojnícka fakulta  |T SjF Ústav automobilového inžinierstva a konštruovania  |X 26808  |U J0030  |Y 806  |7 A000026808 
856 4 |u http://is.stuba.sk/zp/portal_zp.pl?podrobnosti=179717 
996 |b 284J047736  |c J* 3826/DDP  |l JJSK  |s A  |a 24  |w stuzp99407_0001